00542nam a22002057a 450000500170000001000110001702000100002803500110003803700160004904000120006508200130007710000160009024500530010626000380015927000260019730000280022350000190025165000380027065000280030820170124110058.0 a486231 c00.00 a486231 bCen Lib/Ret aDPLbEN a960bTAY aTaylor, Don aAfrica :cby Don Taylorbthe portrait of power / bRobert Hale LimitedaLondonc1967 a63, Old Brompton Road a191p. :c20cm(Hb)bill. aIncludes index aAfrica -- Politics and government aPolitics and government